<?xml version="1.0" encoding="UTF-8"?>
<record
    xmlns:xsi="http://www.w3.org/2001/XMLSchema-instance"
    xsi:schemaLocation="http://www.loc.gov/MARC21/slim http://www.loc.gov/standards/marcxml/schema/MARC21slim.xsd"
    xmlns="http://www.loc.gov/MARC21/slim">

  <leader>00652nam a22001937a 4500</leader>
  <datafield tag="999" ind1=" " ind2=" ">
    <subfield code="c">186500</subfield>
    <subfield code="d">186500</subfield>
  </datafield>
  <controlfield tag="005">20220307162246.0</controlfield>
  <datafield tag="010" ind1=" " ind2=" ">
    <subfield code="a">ENG-1318561</subfield>
  </datafield>
  <datafield tag="020" ind1=" " ind2=" ">
    <subfield code="a">9789350015889</subfield>
    <subfield code="c">191.00</subfield>
  </datafield>
  <datafield tag="035" ind1=" " ind2=" ">
    <subfield code="a">EN-115393</subfield>
  </datafield>
  <datafield tag="037" ind1=" " ind2=" ">
    <subfield code="b">DBAD/PUB</subfield>
  </datafield>
  <datafield tag="082" ind1=" " ind2=" ">
    <subfield code="a">530.02462</subfield>
    <subfield code="b">1</subfield>
  </datafield>
  <datafield tag="100" ind1=" " ind2=" ">
    <subfield code="a">ADHIKESAVAN, M.</subfield>
  </datafield>
  <datafield tag="245" ind1=" " ind2=" ">
    <subfield code="a">Engineering Physics:</subfield>
    <subfield code="b">"M Scheme"- Polytechnic Colleges/</subfield>
    <subfield code="c">M.ADHIKESAVAN,K.SUDALAI MUTHU</subfield>
  </datafield>
  <datafield tag="260" ind1=" " ind2=" ">
    <subfield code="b">Vel Publications</subfield>
    <subfield code="a">Villupuram</subfield>
    <subfield code="c">2018</subfield>
  </datafield>
  <datafield tag="270" ind1=" " ind2=" ">
    <subfield code="a">64,1st Floor ,Mari illam , Kachirayapalayam Road </subfield>
    <subfield code="b">Villuparam</subfield>
    <subfield code="e">606202</subfield>
  </datafield>
  <datafield tag="300" ind1=" " ind2=" ">
    <subfield code="a">71p.</subfield>
    <subfield code="c">23cm(pbk)</subfield>
    <subfield code="b">Model Question Papers</subfield>
  </datafield>
  <datafield tag="700" ind1=" " ind2=" ">
    <subfield code="a">MUTHU K.SUDALAI</subfield>
  </datafield>
  <datafield tag="942" ind1=" " ind2=" ">
    <subfield code="2">ddc</subfield>
    <subfield code="c">EN</subfield>
    <subfield code="h">530.02462</subfield>
    <subfield code="m">ADH</subfield>
  </datafield>
  <datafield tag="952" ind1=" " ind2=" ">
    <subfield code="0">0</subfield>
    <subfield code="1">0</subfield>
    <subfield code="4">0</subfield>
    <subfield code="7">0</subfield>
    <subfield code="8">NFIC</subfield>
    <subfield code="a">L</subfield>
    <subfield code="b">L</subfield>
    <subfield code="d">2022-03-07</subfield>
    <subfield code="e">DBAD/PUB</subfield>
    <subfield code="g">191.00</subfield>
    <subfield code="l">1</subfield>
    <subfield code="o">530.02462 ADH</subfield>
    <subfield code="p">EN-115393</subfield>
    <subfield code="r">2024-05-13 00:00:00</subfield>
    <subfield code="s">2024-04-16</subfield>
    <subfield code="t">1</subfield>
    <subfield code="v">191.00</subfield>
    <subfield code="y">EN</subfield>
  </datafield>
</record>
